00695nam a2200181 a 450000100100000000500170001000800410002702000180006804000250008610000360011124500910014726000520023830000210029050000420031150400320035395201110038599900170049600004075120201002034343.0130905s2006 sp 000 0 spa d a9788484892649 aDO-SdBNPbspacBNPHU1 aCervera Salinas, Vicente96715913aEl Síndrome de Beatriz en la literatura hispanoamericana /cVicente Cervera Salinas. aMadrid :bEdiciones de Iberoaméricana,c2006. a386 p. ;c23 cm. aIncluye notas al pie de las páginas aBibliografía : p. 371-386 001054708MOaGRbGRcCTd2013-09-05iLF1l0o p40751-10r2020-06-25w2020-06-25y4ZPréstamo en sala c40241d40241